Statistics for AFL Teams

Click here to take the quiz!

General Stats

  • This quiz has been taken 246 times
    (79 since last reset)
  • The average score is 13 of 18

Answer Stats

Team% Correct
Adelaide Crows
89%
Collingwood Magpies
86%
Essendon Bombers
82%
Richmond Tigers
82%
Carlton Blues
79%
Brisbane Lions
75%
Fremantle Dockers
75%
Gold Coast Suns
75%
Port Adelaide Power
75%
Geelong Cats
71%
Greater Western Sydney Giants
71%
Melbourne Demons
71%
North Melbourne Kangaroos
71%
West Coast Eagles
71%
Hawthorn Hawks
68%
Sydney Swans
64%
StKilda Saints
61%
Western Bulldogs
57%

Score Distribution

Percentile by Number Answered

Percent of People with Each Score

Your Score History

You have not taken this quiz since the last reset